000
003260000a22001450004500
020
_a
84-01-42129-2
041
0
_a
SPA
082
0
4
_a
G 853 M831d
100
1
_a
Moravia, Alberto
245
1
0
_a
El desprecio / Alberto Moravia
260
_a
Barcelona, España : Plaza y Janés
300
_a
251 Pag
001
10958
942
_c
BK
999
_c
40343
_d
40343